[Event "Dortmund SuperGM 27th"]
[Site "Dortmund"]
[Date "1999.07.15"]
[Round "5"]
[White "Leko, Peter"]
[Black "Timman, Jan H"]
[Result "1-0"]
[WhiteElo "2701"]
[BlackElo "2650"]
[Annotator "Blatny,P"]
[PlyCount "53"]
[EventDate "1999.07.10"]
[EventType "tourn"]
[EventRounds "7"]
[EventCountry "GER"]
[EventCategory "19"]
[SourceTitle "CBM 072"]
[Source "ChessBase"]
[SourceDate "1999.10.01"]
[SourceVersion "1"]
[SourceVersionDate "1999.10.01"]
[SourceQuality "1"]

1. e4 e5 2. Nf3 Nf6 3. Nxe5 d6 4. Nf3 Nxe4 5. d4 d5 6. Bd3 Nc6 7. O-O Be7 8.
Re1 Bg4 9. c3 f5 10. Qb3 Qd6 11. Nfd2 O-O-O 12. f3 Ne5 $1 $146 {[%mdl 12]} 13.
Qc2 (13. dxe5 $4 Qc5+ 14. Kh1 Nf2+ 15. Kg1 Nh3+ 16. Kh1 Qg1+ 17. Rxg1 Nf2#) (
13. fxe4 $2 Nxd3 14. Rf1 Qh6 15. h3 fxe4 16. hxg4 Qe3+ 17. Kh1 Rd6 $19) (13.
fxg4 $2 Nxd3 14. Nxe4 fxe4 15. Rf1 h5 $1 16. g5 Nxc1 17. Rxc1 Bxg5 $19) ({
Wahrscheinlich ist das natürliche} 13. Bxe4 $5 {stärker als der Textzug, aber
ich kann auch verstehen, warum Leko diesen Zug nicht wählte. Nach} fxe4 ({
Schlechter ist} 13... dxe4 14. fxg4 $1 ({Nicht aber} 14. dxe5 Qc5+ 15. Kf1 ({
Gefährlich wäre} 15. Kh1 exf3 16. Qe6+ (16. Nxf3 Bxf3 17. Be3 (17. gxf3 Qf2 18.
Qe6+ (18. Bd2 Qxf3+ 19. Kg1 Rxd2 $19) 18... Kb8 19. Qxe7 Qxe1+ 20. Kg2 Qxc1 $19
) 17... Qc6 18. gxf3 Qxf3+ 19. Kg1 Bh4 $19) 16... Kb8 17. b4 Qf2 18. Rg1 {
wie folgende "computerunterstützte" Variante zeigt:} fxg2+ 19. Rxg2 Qe1+ 20.
Rg1 Qe4+ $3 21. Rg2 (21. Nxe4 Bf3+ 22. Rg2 Rd1#) 21... Bf3 $1 22. Nxf3 Rd1+ 23.
Ng1 Rxg1+ 24. Kxg1 Qe1#) 15... Bh4 16. g3 (16. Re2 Qxe5 17. Kg1 (17. fxg4 $2
Qxh2 {mit undeckbaren Drohungen.}) (17. g3 Bh3+ 18. Kg1 (18. Kf2 Qc5+ 19. Re3
f4 20. Nxe4 fxe3+ 21. Bxe3 Qe5 $13) 18... Bxg3 {mit starkem Angriff.}) 17...
Qc5+ 18. Kh1 Bh5 {mit Kompensation für die geopferte Figur. Weiss hat Probleme
mit dem Entwicklung von seinem Damenflügel.}) 16... exf3 17. Nxf3 $8 Bxf3 18.
gxh4 Qc6 $1 {und Weiss muss sich nach} 19. c4 (19. Kf2 Bh1 $1) 19... Bd1 $1 20.
Rxd1 Qh1+ 21. Ke2 Qxh2+ {mit Remis durch Dauerschach begnügen.}) 14... Nxg4 15.
Nf1 {und ich sehe keine Kompensation fuer das geopferte Material.}) 14. dxe5 (
14. fxg4 $2 Nd3) 14... Qc5+ 15. Kh1 Bh4 $1 (15... exf3 $2 16. Nxf3 Bxf3 17.
gxf3 Qf2 18. Qd1 $1 Rhf8 19. Rf1 $18) 16. Re2 (16. g3 $4 exf3 17. gxh4 Qf2 18.
Rg1 Bh3 {und Matt.}) 16... Bh5 {[%csl Ra1,Rb1,Rc1,Gc5,Gd8,Rh1,Gh4,Gh5,Gh8]
[%cal Gh8f8,Gf8f3,Gh5e2,Gh4e1,Gc5g1,Ge4f3] entsteht eine Stellung, in der
Schwarz für die die geopferte Figur einen unangenehmen Druck behält. Der
schwarze Plan ist einfach: Angriff auf der f-Linie und eine gute weisse
Verteidigung ist nicht zu sehen. Die Mehrfigur spielt wegen des weissen
"Lagers" auf dem Damenflügel keine besondere Rolle.}) 13... Bh4 14. Rf1 (14. g3
$2 Nxd3 15. Qxd3 Bxg3 16. Re2 Bf2+ 17. Rxf2 (17. Kg2 Bh3+ 18. Kxh3 (18. Kh1 Qg6
) 18... Qh6+ 19. Kg2 Qg5+ 20. Kh3 Rd6 $19 {mit Matt.}) (17. Kh1 Qg6 $1 18. Rxe4
(18. fxe4 Bxe2 $19) (18. Nxe4 Bxf3+ 19. Qxf3 Qg1#) 18... Bh3 19. Rg4 $8 fxg4
20. Qxg6 hxg6 21. fxg4 Rh4 $1 {mit Matt.}) 17... Nxf2 $19) 14... Nxd3 15. Qxd3
Rhf8 $1 16. fxe4 (16. fxg4 Bf2+ $1 17. Rxf2 (17. Kh1 $4 Ng3+ $19) 17... Nxf2
18. Kxf2 fxg4+ 19. Ke1 (19. Kg1 Rde8 20. Nf1 Qf6 $19) 19... Qxh2 20. Kd1 Qxg2
$19 {und schwarze g- Bauer entscheidet den Kampf.}) 16... fxe4 17. Qe3 h6 $2 {
In kritischer Stellung der Partie ermöglicht Schwarz seinem Gegner, die
Entwicklung zu beenden. Danach entscheidet die weisse Mehrfigur. Schwarz
sollte sich die bekannte Frage stellen: Welche meiner Figuren nimmt am Angriff
noch nicht teil? Der Td8 kommt später nach dem Turmtausch nach f8, also muss
man die Dame von d6 aktivieren. Es gibt zwei Möglichkeiten:} ({Interessant ist
der Damentausch nach} 17... Qh6 $5 18. Qxh6 $8 gxh6 {,aber hier kann Weiss mit
genauer Verteidigung ein besseres Endspiel bekommen:} 19. Na3 $1 (19. g3 $2 e3
20. Nb3 (20. gxh4 Rg8 $1 $19) 20... Rxf1+ 21. Kxf1 Rf8+ 22. Ke1 Bg5 23. h4 (23.
Na3 Rf2 24. h4 Rh2 $19) 23... e2 24. Bf4 Rxf4 $1 25. N1d2 $8 Be7 $1 26. Nc1 Rf6
27. Nd3 Bd6 28. Ne5 $8 Bxe5 29. dxe5 Rf5 {und Schwarz gewinnt.}) (19. Nxe4 $6
Rxf1+ 20. Kxf1 Rf8+ 21. Kg1 dxe4 22. Be3 $15) 19... e3 (19... Be2 $5 20. g3 $1
Bxf1 21. Nxf1 $14 {mit leicht besseren Endspiel.}) 20. Rxf8 Rxf8 21. Nf3 Bxf3
22. gxf3 Rxf3 (22... e2 23. Nc2 Rxf3) 23. Nc2 $1 e2 24. Bxh6 Rd3 25. Kg2 Rd1
26. Rc1 $8 Kd7 (26... Rxc1 27. Bxc1 e1=Q 28. Nxe1 Bxe1 29. Bg5 $1 {und Weiss
gewinnt wegen des gefangenen Läufers einen Bauern.}) (26... e1=Q 27. Nxe1 Rxe1
28. Rxe1 Bxe1 29. Bg5 $1) 27. Kf3 e1=Q 28. Nxe1 Rxc1 29. Bxc1 Bxe1 30. Bg5 $1
Ke6 31. Ke2 h6 $8 {und in diesem Endspiel mit einem Mehrbauern (nach Lxh6 oder
Lf4 und Lxc7) hat Weiss einige Gewinnchancen.}) ({Die richtige Fortsetzung des
schwarzen Angriffs war} 17... Qa6 $1 18. c4 $1 (18. g3 $2 Bg5 $3 19. Qxg5 Qe2
$1 {[%csl Rf1,Rg2][%cal Gg4h3,Gh3f1]} 20. Qh4 e3 $19) 18... Rxf1+ 19. Nxf1 (19.
Kxf1 $2 Rf8+ 20. Kg1 Bf2+ 21. Qxf2 Rxf2 22. Kxf2 Qf6+ 23. Kg3 Bh5 24. h3 Qg5+
25. Kh2 Qf4+ 26. Kh1 e3 $19) 19... Rf8 20. Ng3 Qf6 $1 (20... Bxg3 21. Qxg3 (21.
hxg3 Qxc4 $44) 21... Be2 $1 (21... Rf1+ 22. Kxf1 Qxc4+ 23. Kf2 Qe2+ 24. Kg1
Qd1+ $11 {mit Remis durch Dauerschach.}) 22. Nd2 (22. Bf4 Qf6) 22... Qf6 23. h3
Qxd4+ 24. Kh2 dxc4 {und Schwarz besitzt gute Gewinnchancen.}) (20... Qxc4 21.
Na3 $14) 21. h3 $140 Bxh3 $1 22. Kh2 (22. gxh3 Bxg3 $19) (22. Nc3 Bxg3 23. Qxg3
Qf1+ 24. Kh2 Bxg2 $1 25. Bf4 Qxa1 26. Qg4+ Kb8 27. Bxc7+ Ka8 28. Qxg2 Rf6 $19)
22... Qg6 $1 23. Kxh3 Rf3 $1 24. Qxf3 exf3 25. Kxh4 fxg2 26. Be3 Qe6 $1 27. Bg1
h5 $1 28. Nxh5 Qe1+ $19) 18. Na3 Bg5 (18... Rxf1+ 19. Nxf1 Rf8 20. Ng3 $18 {_|_
}) 19. Qe1 e3 20. Nf3 Bxf3 21. Rxf3 Rxf3 22. gxf3 Qa6 23. Qf1 $1 e2 $6 (23...
Qf6 24. Qe2 $18 {_|_}) 24. Qh3+ Kb8 25. Bxg5 hxg5 (25... Qg6 26. Re1 Qxg5+ 27.
Qg2 $18) 26. Re1 Qd3 27. Qe6 1-0

[Event "Belgrade Investbank"]
[Site "Belgrade"]
[Date "1997.11.11"]
[Round "1"]
[White "Kovacevic, Aleksandar"]
[Black "Kramnik, Vladimir"]
[Result "0-1"]
[WhiteElo "2525"]
[BlackElo "2770"]
[Annotator "Blatny,P"]
[PlyCount "148"]
[EventDate "1997.11.11"]
[EventType "tourn"]
[EventRounds "9"]
[EventCountry "YUG"]
[EventCategory "18"]
[SourceTitle "CBM 062"]
[Source "ChessBase"]
[SourceDate "1998.01.31"]
[SourceVersion "1"]
[SourceVersionDate "1998.01.31"]
[SourceQuality "1"]

1. e4 {Borik} e5 2. Nf3 Nf6 3. Nxe5 d6 4. Nf3 Nxe4 5. d4 d5 6. Bd3 Nc6 7. O-O
Be7 8. c4 Nb4 9. Be2 Be6 10. Nc3 O-O 11. Be3 Bf5 12. Rc1 dxc4 (12... Nxc3 13.
bxc3 Nxa2 14. Rc2 Bxc2 15. Qxc2 Nxc3 16. Qxc3 $14 {Short,N - Timman,J,
Hilversum 1989.}) 13. Bxc4 c6 14. Ne5 Nxc3 15. bxc3 Nd5 16. Qf3 (16. Qb3 $6 f6
$1 17. Nf3 (17. Qxb7 $2 fxe5 18. Qxc6 Be4 $19) 17... b5 (17... Qd7 $142 $5 18.
Rfe1 Kh8 19. Bd2 Bd6 20. Bf1 Nf4 21. Nh4 $13) 18. Be2 Kh8 19. Bd2 Nb6 $6 (19...
Bd6 $5 {/\ Nf4}) 20. Rfe1 Qd7 21. c4 bxc4 22. Bxc4 Nxc4 23. Qxc4 Rfc8 24. Nh4
Bf8 $10 {Georgiev,Ki-Ivanchuk,V/Debrecen/1992/0.5 (36)}) (16. Re1 $2 Ba3 17.
Qf3 Bxc1 18. Bxc1 Be6 19. Bd3 Qa5 20. Bd2 Qxa2 21. Bg5 Qa5 22. Qh5 f5 23. Bd2
Rae8 24. h3 Qd8 25. Rb1 $17 {Timman,J-Bareev,E/Linares (10)/1993/0-1 (52)} (25.
Rb1 Qc7 26. c4 Nf6 27. Qf3 Nd7 28. Bf4 Nxe5 29. Bxe5 Qd7 30. Qf4 a6 31. Rb6 Rf7
32. Be2 Qd8 33. Rb3 Rd7 34. Rg3 Rde7 35. Qh6 Qd7 36. Bd3 Rf7 37. d5 Ree7 38. d6
Re8 39. c5 a5 40. Bc2 a4 41. Bxa4 Bd5 42. Qf4 Re6 43. Re3 Qd8 44. h4 Rh6 45.
Rh3 Rg6 46. f3 Qa5 47. Kh2 Qxc5 48. h5 Re6 49. Rg3 h6 50. Bc2 Ba2 51. d7 Rxd7
52. Qxf5 Rxe5 {0-1 Timman,J-Bareev,E/Linares 1993})) 16... Be6 17. Bd2 (17. Bd3
Bd6 18. Bd2 Bxe5 (18... Qh4 19. Rfe1 Nf6 20. a4 Ng4 21. Bf4 Nxe5 22. Bxe5 Bd5
23. Qf5 Bxe5 24. Rxe5 g6 25. Qd7 Rab8 26. Rb1 Rfd8 27. Qc7 Qg4 28. Bf1 Qd7 29.
Re7 $16 Qxc7 30. Rxc7 a5 {DIA In dieser überlegenen Stellung hätte Dr.Hübner
seine Stellung mit 31.f3 nebst Kf2 verstärken sollen, später den Bb7 gewinnen
und dann den Mehrbauern verwerten. Wesentlich ist, das Weiß bei Kf2 ruhig
c3-c4 spielen kann, weil} 31. Rb6 $2 {der Bauer d4 mit Ke3 gedeckt werden kann.
} Re8 32. c4 Be6 33. Rbxb7 Rxb7 34. Rxb7 Rd8 35. d5 cxd5 36. c5 Rc8 37. Rb5 d4
38. Bd3 Bf5 39. Bxf5 gxf5 40. Kf1 Re8 41. c6 d3 42. Rd5 Rc8 43. Rxd3 Rxc6 {
Huebner,R-Timman,J/Sarajevo cm2 1991/1/2-1/2 (60)}) 19. dxe5 Ne7 20. Bg5 Qc7
21. Qh5 h6 22. Bxh6 gxh6 23. Qxh6 Nf5 24. Bxf5 Bxf5 25. Qg5+ Bg6 26. f4 Rfe8
27. Rf3 Qe7 28. Qh6 Qf8 29. Qh4 Qe7 30. Qg4 Rad8 31. f5 Qc5+ 32. Kh1 Qxe5 33.
fxg6 f6 34. Qh4 Rd7 35. Rcf1 f5 36. Qg5 Rf8 37. h4 Rd5 38. Rf4 Qf6 39. Qxf6
Rxf6 40. h5 Kg7 41. g4 {1-0 Xie Jianjun-Wu Xibin/Beijing Lee Cup 1996}) (17.
Rfe1 Nxe3 18. Qxe3 (18. Bxe6 $2 fxe6 19. Qxe3 Bg5 20. Qh3 Bxc1 21. Qxe6+ Kh8
22. Rxc1 Qf6 $17) (18. fxe3 Bxc4 19. Nxc4 Qd5 20. Qxd5 cxd5 $10) 18... Bxc4 19.
Nxc4 Bf6 20. Rb1 b6 (20... Qd5 21. Ne5) 21. Qf3 Rc8 22. Ne3 (22. Rbd1 g6 23. d5
cxd5 24. Rxd5 Qc7) 22... g6 23. d5 Bg5 $1 (23... cxd5 24. Nxd5 Kg7 25. Red1 Rc6
26. Nxb6) 24. dxc6 Bxe3 25. Rxe3 Qd6 26. Rd1 Qxc6 27. Qxc6 Rxc6 28. Rd7 Rfc8
29. Ree7 (29. Rxa7 Rxc3 $10) 29... Rxc3 30. h3 Rf8 31. Rxa7 Rc1+ 32. Kh2 Rc6
33. Reb7 Rf6 {1/2-1/2 Kamsky,G-Anand,V/FIDE-cm1 Sanghi Nagar 1994}) 17... f6 (
17... Bg5 18. Bxg5 {Khalifman,A-Christiansen,L/BL 9192/1992/0.5 (18)}) 18. Nd3
Qd7 19. Rfe1 Bd6 20. h3 Bf7 21. Bb3 Rae8 22. Qg4 Rxe1+ 23. Rxe1 Rd8 24. Qxd7
Rxd7 25. Nf4 (25. Ne5 Bxe5 26. dxe5 fxe5 27. Rxe5 Nf6 $11 {1/2-1/2 Topalov,
V-Ivanchuk,V/Novgorod 1996/CBM 54 (32)}) 25... Nc7 26. Ne6 Nxe6 27. Bxe6 Bxe6
28. Rxe6 Kf7 29. Re1 Be7 30. Be3 Rd5 31. Kf1 Ra5 32. Re2 Ra3 33. Rc2 Ke6 34.
Ke2 b5 35. Bc1 Ra4 36. Kd3 Kd5 37. Re2 Bd6 38. Rc2 h5 39. Be3 Bc7 40. Bc1 Bd6
41. Re2 c5 42. dxc5 Bxc5 43. f3 Bd6 44. Be3 Be5 45. Bc1 a6 46. Rc2 g6 47. Be3
g5 48. Bd2 g4 49. hxg4 hxg4 50. Be3 g3 51. Bc1 Rh4 52. Re2 Rh1 53. Be3 f5 54.
Bd2 Ra1 55. Be3 Rf1 56. Rc2 Rd1+ 57. Ke2 Ra1 58. Kd3 f4 59. Bb6 Bd6 60. Bd4 Re1
61. Kd2 Rh1 62. Kd3 Rb1 63. Re2 a5 64. Kc2 Rf1 65. Kd3 a4 66. Rb2 b4 67. Rd2
Rc1 68. Bf6 b3 69. axb3 axb3 70. Rb2 Rd1+ 71. Ke2 Rg1 72. Kd3 Bc5 73. Bd4 Bxd4
74. cxd4 Re1 0-1

[Event "EU-chT (Men) 12th"]
[Site "Batumi"]
[Date "1999.11.29"]
[Round "1.2"]
[White "Polgar, Judit"]
[Black "Marciano, David"]
[Result "1-0"]
[WhiteElo "2671"]
[BlackElo "2529"]
[Annotator "Blatny,P"]
[PlyCount "65"]
[EventDate "1999.11.06"]
[EventType "team-swiss"]
[EventRounds "9"]
[EventCountry "GEO"]
[SourceTitle "CBM 074"]
[Source "ChessBase"]
[SourceDate "2000.02.01"]
[SourceVersion "1"]
[SourceVersionDate "2000.02.01"]
[SourceQuality "1"]
[WhiteTeam "Hungary"]
[BlackTeam "France"]
[WhiteTeamCountry "HUN"]
[BlackTeamCountry "FRA"]

1. e4 e5 2. Nf3 Nf6 3. Nxe5 d6 4. Nf3 Nxe4 5. d4 d5 6. Bd3 Nc6 7. O-O Be7 8. c4
Nb4 9. Be2 O-O 10. Nc3 Be6 11. Ne5 f6 12. Nf3 (12. Bg4 Bc8 13. Bxc8 Rxc8 14.
Nf3 c5 15. Qe2 Re8 16. Nxd5 Bd6 17. Nxb4 Ng3 $132 {0-1 Ivanchuk,V-Kramnik,V/
Frankfurt 1998/CBM 65 ext (58)}) 12... c5 (12... Re8 13. Nxe4 dxe4 14. Ne1 $13)
13. Be3 (13. cxd5 Nxc3 14. bxc3 Nxd5 $132) 13... Rc8 14. a3 Nxc3 15. bxc3 Nc6 (
15... Na6 16. Qb1 Rc7 17. cxd5 Bxd5 18. c4 $14) 16. cxd5 cxd4 (16... Qxd5 17.
c4 $18) 17. Nxd4 Bxd5 (17... Qxd5 $4 18. Bf3 (18. Nxe6 $6 Qxe6 19. Qa4 Qe5 $14)
18... Qe5 19. Nxe6 $18) 18. Nf5 (18. Bg4 Rb8 19. Ne6 Bxe6 20. Bxe6+ Kh8 21. Qh5
$36) 18... Be6 19. Qb1 (19. Bg4 Kh8 $14) 19... g6 (19... Re8 20. Nd4 Nxd4 21.
cxd4) 20. Rd1 Qc7 21. Nxe7+ Qxe7 22. h4 (22. Qb2 Rfe8 $11) 22... b6 23. Ba6
Rcd8 24. Rxd8 (24. Qe4 Ne5 $11) 24... Rxd8 25. Qe4 Ne5 26. Bd4 Bd5 27. Qe3 Qd6
28. Bxe5 fxe5 (28... Qxe5 $2 29. Qxe5 fxe5 30. Rd1 $18) 29. Rd1 Qc7 (29... Qc6
30. Qxe5 b5 31. a4 Qxa6 32. Rxd5 $18) 30. Qd3 e4 31. Qd4 e3 (31... Rd6 32. Qe5
e3 33. fxe3 $18) 32. fxe3 (32. Qxe3 $6 Bf7 33. Rxd8+ Qxd8 $16) 32... Rd7 33.
Bc4 1-0

[Event "Bonn GSK"]
[Site "Bonn"]
[Date "1994.??.??"]
[Round "5"]
[White "Shabalov, Alexander"]
[Black "Gawehns, Klaus"]
[Result "1-0"]
[WhiteElo "2590"]
[BlackElo "2345"]
[Annotator "Blatny,P"]
[PlyCount "61"]
[EventDate "1994.??.??"]
[EventType "tourn"]
[EventRounds "9"]
[EventCountry "GER"]
[EventCategory "12"]
[SourceTitle "CBM 040"]
[Source "ChessBase"]
[SourceDate "1994.06.01"]
[SourceVersion "1"]
[SourceVersionDate "1994.06.01"]
[SourceQuality "1"]

1. e4 e5 2. Nf3 Nf6 3. Nc3 Bb4 (3... Nc6 {Four Knights}) 4. Nxe5 O-O 5. Be2 (5.
Nd3 Bxc3 6. dxc3 Nxe4 7. Be3 d6 8. Qf3 Re8 9. O-O-O $13 {0-0-0:0-0}) 5... Re8
6. Nd3 Bxc3 7. dxc3 Nxe4 8. O-O (8. Nf4 $5 c6 9. c4 d6 10. O-O Bf5 11. a4 a5
12. Ra3 Nd7 13. Re3 Ndc5 14. g4 Be6 15. f3 Nf6 16. Qd4 Qc7 17. b3 h6 18. Bb2
Rad8 19. Rf2 $1 $16 {Yim-Pilipjan/corr/1982/}) 8... d6 (8... d5 9. Nf4 c6 10.
Qd4 Qf6 11. f3 Qxd4+ 12. cxd4 Nd6 13. Kf2 $14 {Polovodin-Gljanec/Leningrad/
1981/}) 9. Nf4 Nc6 10. c4 a5 11. a4 {/\Ra3-e3} b6 12. Ra3 Bb7 13. Rh3 Ne5 14.
Nd5 Nc5 (14... c6 15. Nc3 Nxc3 16. Rxc3 Qc7 17. b3 Rad8 18. Re3 Re6 19. f4 Ng6
20. Rxe6 fxe6 21. f5 exf5 22. Rxf5 $14 {^^}) 15. b3 Ng6 16. Bg4 Bc8 17. Bb2 Ne4
18. Re3 c6 $6 19. Qd4 $1 Re5 20. Bxc8 cxd5 (20... Rxc8 21. f4 $1 (21. Nxb6 $2
c5 22. Qxe5 $6 (22. Qd1 Nxf2 $1) 22... dxe5 23. Nxc8 f5 24. f3 Nf6 25. Na7 Qd2
26. Bc1 Qxc2 $40 27. Ba3 $140 $4 Nf4 28. Rf2 $8 Qd1+ 29. Rf1 Qd2 $19) 21...
cxd5 22. fxe5 dxe5 23. Qxd5 Qxd5 24. cxd5 Rxc2 25. Bxe5 Nxe5 26. Rxe4 f6 27.
Rd1 $18 {_|_}) 21. Bb7 Ra7 22. Bxd5 Nf6 23. Rxe5 (23. Rfe1 Rae7 $16) 23... Nxe5
24. f4 Ned7 (24... Ng6 $5) 25. g4 $18 Nc5 26. f5 h6 27. h4 Re7 28. g5 hxg5 29.
hxg5 Ne8 30. g6 Nf6 31. Qh4 (31. Qh4 Ncd7 32. Rf3 $1 (32. gxf7+ $6 Rxf7 33.
Bxf7+ Kxf7 $18 {_|_}) 32... Qe8 33. Kf1 $1 {/\Rh3,Qh8#}) 1-0

[Event "Bundesliga 9900"]
[Site "Germany"]
[Date "2000.03.12"]
[Round "12.1"]
[White "Hracek, Zbynek"]
[Black "Jussupow, Artur"]
[Result "1-0"]
[WhiteElo "2620"]
[BlackElo "2628"]
[Annotator "Blatny,P"]
[PlyCount "67"]
[EventDate "1999.10.09"]
[EventType "team-tourn"]
[EventRounds "15"]
[EventCountry "GER"]
[SourceTitle "CBM 076"]
[Source "ChessBase"]
[SourceDate "2000.05.31"]
[SourceVersion "1"]
[SourceVersionDate "2000.05.31"]
[SourceQuality "1"]
[WhiteTeam "Werder Bremen"]
[BlackTeam "Solingen"]
[WhiteTeamCountry "GER"]
[BlackTeamCountry "GER"]

{[%mdl 8]} 1. e4 e5 2. Nf3 Nf6 3. Nxe5 d6 4. Nf3 Nxe4 5. d4 d5 6. Bd3 Nc6 7.
O-O Be7 8. c4 Nb4 9. Be2 O-O 10. Nc3 (10. a3 Nc6 11. cxd5 Qxd5 12. Nc3 Nxc3 13.
bxc3 Bf5 14. Bf4 Na5 15. Re1 (15. Bxc7 b6 16. c4 Nxc4 17. Qb3 Be6 18. Bxc4 Qxc4
19. Qxc4 Bxc4 20. Rfe1 Rfe8 21. Nd2 Be6 22. Ne4 Rec8 23. Rec1 Bd5 24. Nd6 Bxd6
{1/2-1/2 Lytchak,B-Simon,H/NRW-Liga II 9899 1999/EXT 2000}) 15... Bd6 16. Ne5
Rad8 17. a4 {1/2-1/2 Ivanchuk,V-Kramnik,V/Dortmund 1998/CBM 66}) 10... b6 (
10... Bg4 11. a3 Nxc3 12. bxc3 Nc6 13. Rb1 Rb8 14. Re1 Bf6 15. Bf4 Ne7 16. h3
Be6 17. c5 b6 18. cxb6 axb6 19. Bd3 h6 20. Qc2 $14 {Krieger,H-Reimer,E/Brocco
op 1990/EXT 97/0-1 (58)}) (10... Nf6 11. a3 Nc6 12. c5 Ne4 13. Qc2 Bg4 14. Be3
Nxc3 15. Qxc3 Bf6 16. h3 Bh5 17. b4 h6 18. b5 Ne7 19. g4 Bg6 20. h4 $36 {
Leyva,H-Charon,M/Havana op 1992/EXT 2000/1-0 (45)}) (10... Nxc3 11. bxc3 Nc6
12. cxd5 Qxd5 13. c4 Qd6 14. Be3 Rd8 15. Rb1 b6 16. Qd2 Qg6 17. Bd3 Bf5 18.
Bxf5 Qxf5 19. Rb5 Qe4 20. Re1 Bf6 21. Bf4 $14 {1/2-1/2 Lau,R-Penz,H/Carl
Schlechter mem 1996/CBM 55 ext/(29)}) (10... Be6 11. a3 Nc6 12. cxd5 Bxd5 13.
Qc2 Nxc3 14. bxc3 $13) 11. Ne5 (11. a3 Nxc3 12. bxc3 Nc6 $13) 11... Bb7 12. Re1
$1 (12. a3 Nxc3 13. bxc3 Nc6 14. Bf3 Na5 15. c5 c6 16. Re1 Bf6 $11) 12... dxc4
$2 (12... c5 $5 13. a3 (13. Nxe4 dxe4 14. d5 Bd6) (13. cxd5 Nxc3 14. bxc3 Nxd5)
13... cxd4 $5 14. Nxe4 dxe4 15. axb4 f6 16. Ng4 Bxb4 17. Bd2 Bxd2 18. Qxd2 h5
$132) 13. Bxc4 Nxc3 14. bxc3 Nd5 15. Qf3 c6 16. Bb3 Bd6 (16... f6 17. Ng4 $14)
17. Bc2 {[%csl Gg8][%cal Gc2h7,Gf3h3,Gh3h7,Ge5f7,Gc1h6]} (17. c4 Ne7 $14) 17...
Qc7 18. Qh3 g6 19. Bh6 Rfe8 20. c4 $1 Bxe5 (20... Nb4 21. Nd7 $1 Rxe1+ 22. Rxe1
Nxc2 23. Re8+ Rxe8 24. Nf6+ Kh8 25. Bg7+ $1 Kxg7 26. Nxe8+ Kf8 27. Nxc7 Bxc7
28. Qd7 $18) (20... Nf6 21. Qh4 Nh5 (21... Be7 22. Bg5 $16) 22. Nxf7 $5 Qxf7 (
22... Kxf7 23. c5 {[%csl Gf7][%cal Gc2b3,Gb3f7]} Bxh2+ 24. Qxh2 Qxh2+ 25. Kxh2
Nf6 26. Bb3+ Nd5 27. Kg3 $16) 23. c5 Be7 {/\Nf6-d5 and -+} (23... bxc5 24. dxc5
Be7 (24... Rxe1+ 25. Rxe1 Re8 26. Rxe8+ Qxe8 27. Qc4+ Kh8 28. cxd6 Qe1+ 29. Qf1
$18) 25. Qb4 Bxc5 26. Qxc5 $18)) 21. dxe5 (21. Rxe5 $143 Rxe5 22. dxe5 Qxe5 $17
) 21... Nb4 22. Bf5 $1 (22. Bb3 c5 (22... Rxe5 $2 23. Qc3 Rae8 24. f4 Rxe1+ 25.
Rxe1 Rxe1+ 26. Qxe1 $18) 23. e6 Rad8 $13) 22... Rxe5 $6 (22... gxf5 $4 23. Qg3+
Kh8 24. Qg7#) (22... Bc8 23. Qh4 Qe7 $6 24. Bg5 Qc5 25. Bxc8 Raxc8 26. Bf6 Nc2
27. Re4 Nxa1 $4 28. Qxh7+ Kxh7 29. Rh4+ Kg8 30. Rh8#) (22... c5 23. e6 (23. Qh4
Qd8 24. Bg5 Qd4 $17) 23... gxf5 24. Qxf5 Rxe6 25. Rxe6 fxe6 26. Qg5+ Kh8 27.
Rd1 $40) 23. Qc3 Rae8 24. f4 $1 Rxe1+ 25. Rxe1 Rxe1+ 26. Qxe1 Qd8 27. Qe5 f6
28. Qe6+ Kh8 29. Qf7 Qd4+ 30. Kf1 Qd1+ 31. Kf2 Qd2+ 32. Kg3 Qe3+ 33. Kh4 Qf2+ (
33... g5+ 34. Bxg5 fxg5+ 35. Kh5 Qe2+ 36. Kh6 $18) 34. Kh3 (34. Kh3 Qe3+ 35. g3
$18) 1-0